[Event "Belgrade-chT Quality"]
[Site "Belgrade"]
[Date "2022.10.03"]
[Round "3.6"]
[White "Vujasinovic, Mihajlo"]
[Black "Pavicevic, Jovan R"]
[Result "0-1"]
[WhiteElo "2086"]
[BlackElo "2051"]
[PlyCount "84"]
[EventDate "2022.10.01"]
[EventType "team-tourn"]
[EventRounds "11"]
[EventCountry "SRB"]
[SourceTitle "CBM 210 Extra"]
[Source "ChessBase"]
[SourceDate "2022.11.30"]
[SourceVersion "1"]
[SourceVersionDate "2022.11.30"]
[SourceQuality "1"]
[WhiteTeam "Belgrade Belgrade"]
[BlackTeam "Belgrade Mladenovac"]
[WhiteTeamCountry "SRB"]
[BlackTeamCountry "SRB"]

1. c4 e5 2. Nc3 Nc6 3. Nf3 Nf6 4. g3 Bb4 5. Bg2 0-0 6. 0-0 d6 7. a3 Bxc3 8. bxc3 Be6 9. Qa4 Qd7 10. Ng5 Bf5 11. d3 h6 12. Ne4 Nxe4 13. dxe4 Bh3 14. Be3 Bxg2 15. Kxg2 b6 16. Rfd1 Qe8 17. Rd3 Na5 18. Qb5 a6 19. Qxe8 Rfxe8 20. f3 Nxc4 21. Bf2 Re6 22. g4 Rf8 23. a4 g6 24. Rb1 a5 25. h3 Kg7 26. Bg1 Ree8 27. Bf2 g5 28. Rdd1 Rb8 29. Rb3 Rb7 30. Kg3 Rfb8 31. Ra1 b5 32. axb5 Rxb5 33. Rxb5 Rxb5 34. Be1 Kf6 35. Kf2 Ke6 36. Ra4 Nb6 37. Ra2 a4 38. Bd2 Rb3 39. Ke3 Rb2 40. Rxb2 Nc4+ 41. Kd3 Nxb2+ 42. Kc2 Nc4 0-1

[Event "Belgrade Premier League"]
[Site "Belgrade"]
[Date "2021.10.12"]
[Round "11.2"]
[White "Jakovljevic, Zoran D"]
[Black "Vujasinovic, Mihajlo"]
[Result "0-1"]
[WhiteElo "2061"]
[BlackElo "2069"]
[PlyCount "74"]
[EventDate "2021.10.01"]
[EventType "team-tourn"]
[EventRounds "11"]
[EventCountry "SRB"]
[SourceTitle "CBM 204 Extra"]
[Source "ChessBase"]
[SourceDate "2021.11.30"]
[SourceVersion "1"]
[SourceVersionDate "2021.11.30"]
[SourceQuality "1"]
[WhiteTeam "Mirijevo"]
[BlackTeam "Belgrade"]
[WhiteTeamCountry "SRB"]
[BlackTeamCountry "SRB"]

1. g3 Nf6 2. Bg2 g6 3. e4 d6 4. h3 c5 5. Nc3 Bg7 6. f4 0-0 7. Nf3 Nc6 8. 0-0 Rb8 9. a4 a6 10. g4 b5 11. axb5 axb5 12. d3 b4 13. Ne2 Qc7 14. Ng3 Nd4 15. Ne1 Bd7 16. f5 Bc6 17. g5 Nd7 18. Bf4 Ra8 19. Rb1 Ra2 20. h4 Ne5 21. h5 Ba4 22. Rf2 Qa7 23. Be3 Qc7 24. Bh3 Bd7 25. Ng2 Rb8 26. Nf4 b3 27. c3 Nc2 28. Nd5 Nxe3 29. Nxe3 e6 30. hxg6 hxg6 31. f6 Bf8 32. Ng4 Nxg4 33. Qxg4 d5 34. exd5 Rd8 35. dxe6 Bxe6 36. Qh4 Rxd3 37. Kh2 Rxg3 0-1

[Event "Vojvodina-chT"]
[Site "Kac"]
[Date "2016.11.20"]
[Round "9.5"]
[White "Ljubisavljevic, Zivojin Z"]
[Black "Vujasinovic, Mihajlo"]
[Result "1/2-1/2"]
[WhiteElo "2125"]
[BlackElo "2133"]
[PlyCount "33"]
[EventDate "2016.11.15"]
[EventType "team-tourn"]
[EventRounds "11"]
[EventCountry "SRB"]
[SourceTitle "CBM 175 Extra"]
[Source "ChessBase"]
[SourceDate "2016.12.12"]
[SourceVersion "1"]
[SourceVersionDate "2016.12.12"]
[SourceQuality "1"]
[WhiteTeam "Sloga"]
[BlackTeam "Banovci Dunav"]
[WhiteTeamCountry "SRB"]
[BlackTeamCountry "SRB"]

1. c4 Nf6 2. Nc3 g6 3. e4 d6 4. d4 Bg7 5. f4 c5 6. d5 0-0 7. Bd3 e6 8. dxe6 fxe6 9. Nge2 Nc6 10. 0-0 a6 11. h3 Ne8 12. Qe1 Nc7 13. a4 b6 14. Nd1 d5 15. Ne3 Nb4 16. Qd1 Bb7 17. cxd5 1/2-1/2

[Event "Vojvodina-chT"]
[Site "Kac"]
[Date "2016.11.20"]
[Round "8.5"]
[White "Vujasinovic, Mihajlo"]
[Black "Tomic, Zivan"]
[Result "1/2-1/2"]
[WhiteElo "2133"]
[BlackElo "2058"]
[PlyCount "47"]
[EventDate "2016.11.15"]
[EventType "team-tourn"]
[EventRounds "11"]
[EventCountry "SRB"]
[SourceTitle "CBM 175 Extra"]
[Source "ChessBase"]
[SourceDate "2016.12.12"]
[SourceVersion "1"]
[SourceVersionDate "2016.12.12"]
[SourceQuality "1"]
[WhiteTeam "Banovci Dunav"]
[BlackTeam "Bilecanin"]
[WhiteTeamCountry "SRB"]
[BlackTeamCountry "SRB"]

1. c4 Nf6 2. Nf3 d6 3. d4 Nbd7 4. g3 c6 5. Nc3 e5 6. Bg2 Be7 7. 0-0 0-0 8. e4 Re8 9. a3 Qc7 10. b4 a6 11. dxe5 dxe5 12. Qe2 Nf8 13. h3 Ng6 14. Be3 h6 15. Rab1 b5 16. Rfc1 Qb7 17. Nd2 Be6 18. a4 Rab8 19. axb5 axb5 20. c5 Red8 21. Ra1 Ra8 22. Kh2 Rxa1 23. Rxa1 Ra8 24. Qe1 1/2-1/2

[Event "Vojvodina-chT"]
[Site "Kac"]
[Date "2016.11.17"]
[Round "3.5"]
[White "Vulin, Milorad"]
[Black "Vujasinovic, Mihajlo"]
[Result "1-0"]
[WhiteElo "2044"]
[BlackElo "2133"]
[PlyCount "55"]
[EventDate "2016.11.15"]
[EventType "team-tourn"]
[EventRounds "11"]
[EventCountry "SRB"]
[SourceTitle "CBM 175 Extra"]
[Source "ChessBase"]
[SourceDate "2016.12.12"]
[SourceVersion "1"]
[SourceVersionDate "2016.12.12"]
[SourceQuality "1"]
[WhiteTeam "Krajisnik Krajina"]
[BlackTeam "Banovci Dunav"]
[WhiteTeamCountry "SRB"]
[BlackTeamCountry "SRB"]

1. e4 c5 2. Nf3 d6 3. d4 cxd4 4. Nxd4 Nf6 5. Nc3 a6 6. Bg5 e6 7. Qd2 h6 8. Be3 Qc7 9. Be2 Nbd7 10. 0-0-0 Be7 11. Kb1 b5 12. Bd3 Bb7 13. f3 Ne5 14. g4 Nc4 15. Bxc4 Qxc4 16. h4 Nd7 17. g5 hxg5 18. hxg5 Rxh1 19. Rxh1 g6 20. a3 Rc8 21. Nb3 Qc7 22. Rh8+ Bf8 23. f4 Nc5 24. Nxc5 dxc5 25. f5 Rd8 26. Qf2 Qe5 27. fxg6 Rd7 28. Rg8 1-0

[Event "Vojvodina-chT"]
[Site "Novi Sad"]
[Date "2015.11.14"]
[Round "6.5"]
[White "Curakovic, Dragan"]
[Black "Vujasinovic, Mihajlo"]
[Result "1-0"]
[WhiteElo "2113"]
[BlackElo "2155"]
[PlyCount "62"]
[EventDate "2015.11.10"]
[EventType "team-tourn"]
[EventRounds "9"]
[EventCountry "SRB"]
[SourceTitle "CBM 169 Extra"]
[Source "ChessBase"]
[SourceDate "2015.12.18"]
[SourceVersion "1"]
[SourceVersionDate "2015.12.18"]
[SourceQuality "1"]
[WhiteTeam "Beska Hajduk"]
[BlackTeam "Banovci Dunav"]
[WhiteTeamCountry "SRB"]
[BlackTeamCountry "SRB"]

1. e4 c5 2. Nf3 d6 3. d4 cxd4 4. Nxd4 Nf6 5. Nc3 a6 6. a4 g6 7. Be2 Bg7 8. Be3 Nc6 9. Qd2 Ng4 10. Bxg4 Bxg4 11. f3 Bd7 12. Nd5 0-0 13. a5 Ne5 14. Nb6 Rb8 15. b3 Bc6 16. Rd1 Qc7 17. 0-0 Nd7 18. Ne2 Nxb6 19. Bxb6 Qc8 20. c4 Re8 21. Ng3 Qe6 22. Rfe1 Qf6 23. Ne2 Bf8 24. Nd4 Rbc8 25. b4 e5 26. Ne2 Qe6 27. Qd3 d5 28. Nc3 Be7 29. b5 axb5 30. cxb5 Bd7 31. Nxd5 Bd8 1-0

[Event "Gligoric Cup 2nd"]
[Site "Kragujevac"]
[Date "2014.12.09"]
[Round "4.5"]
[White "Vujasinovic, Mihajlo"]
[Black "Radovanovic, Nikola"]
[Result "0-1"]
[WhiteElo "2138"]
[BlackElo "2340"]
[PlyCount "76"]
[EventDate "2014.12.06"]
[EventType "team-tourn"]
[EventRounds "9"]
[EventCountry "SRB"]
[SourceTitle "CBM 164 Extra"]
[Source "ChessBase"]
[SourceDate "2015.03.02"]
[SourceVersion "1"]
[SourceVersionDate "2015.03.02"]
[SourceQuality "1"]
[WhiteTeam "Banovci Dunav"]
[BlackTeam "Milosevo"]
[WhiteTeamCountry "SRB"]
[BlackTeamCountry "SRB"]

1. e4 c5 2. Nf3 d6 3. Bb5+ Nd7 4. d4 cxd4 5. Qxd4 a6 6. Bxd7+ Bxd7 7. Nc3 Nf6 8. h3 Bc6 9. 0-0 e6 10. Re1 Be7 11. a4 0-0 12. Qd3 Rc8 13. Be3 d5 14. exd5 Nxd5 15. Nxd5 Bxd5 16. Nd4 Qc7 17. Rec1 Rfd8 18. Qe2 Bf6 19. c3 g6 20. a5 Rd7 21. Re1 Bg7 22. Rec1 h6 23. Rd1 Kh7 24. Qc2 e5 25. Nb3 Qc4 26. Nd2 Qc6 27. f3 f5 28. Nf1 f4 29. Bb6 e4 30. Qa4 Qe6 31. fxe4 Bc6 32. Qc2 Bxe4 33. Qf2 Rf7 34. Nh2 f3 35. Re1 Qc6 36. Rad1 Rcf8 37. g3 Bf5 38. Ng4 Bd7 0-1

[Event "Vojvodina-chT 2nd League"]
[Site "Stari Banovci"]
[Date "2013.11.07"]
[Round "5"]
[White "Vujasinovic, Mihajlo"]
[Black "Dimitrijevic, Nenad"]
[Result "0-1"]
[WhiteElo "2153"]
[BlackElo "2197"]
[PlyCount "80"]
[EventDate "2013.11.03"]
[EventType "team-tourn"]
[EventRounds "11"]
[EventCountry "SRB"]
[SourceTitle "EXT 2015"]
[Source "ChessBase"]
[SourceDate "2014.11.20"]
[SourceVersion "1"]
[SourceVersionDate "2014.11.20"]
[SourceQuality "1"]

1. d4 Nf6 2. Nf3 g6 3. c4 Bg7 4. Nc3 0-0 5. e4 d6 6. h3 e5 7. d5 Na6 8. Bg5 h6 9. Be3 Nh5 10. Qd2 Kh7 11. g4 Nf4 12. Rg1 f5 13. Qd1 fxg4 14. hxg4 c6 15. Rg3 cxd5 16. cxd5 Qa5 17. Nd2 Bd7 18. Nb3 Qd8 19. a3 Bf6 20. Qd2 Bh4 21. Rg1 Nc7 22. Ne2 Bg5 23. 0-0-0 Ba4 24. Qb4 b5 25. Kb1 Na6 26. Qd2 Bxb3 27. Rc1 Nxe2 28. Bxe2 Bc4 29. Bxc4 bxc4 30. Rxc4 Rc8 31. Ra4 Nc5 32. Rxa7+ Rc7 33. Qa5 Rff7 34. Bf4 exf4 35. f3 Qb8 36. Ra8 Qb3 37. Rf8 Nd3 38. Rxf7+ Rxf7 39. Rg2 Qd1+ 40. Ka2 Nc1+ 0-1

[Event "SRB-chT Cup"]
[Site "Kragujevac"]
[Date "2012.05.20"]
[Round "7"]
[White "Jovanovic, Bojan P"]
[Black "Vujasinovic, Mihajlo"]
[Result "1-0"]
[WhiteElo "2175"]
[BlackElo "2132"]
[PlyCount "73"]
[EventDate "2012.05.14"]
[EventType "team-swiss"]
[EventRounds "7"]
[EventCountry "SRB"]
[SourceTitle "CBM 148 Extra"]
[Source "ChessBase"]
[SourceDate "2012.06.22"]
[SourceVersion "1"]
[SourceVersionDate "2012.06.22"]
[SourceQuality "1"]
[WhiteTeam "Kragujevac Radnicki"]
[BlackTeam "Banovci Dunav"]
[WhiteTeamCountry "SRB"]
[BlackTeamCountry "SRB"]

1. d4 d6 2. c4 e5 3. Nf3 Nd7 4. Nc3 c6 5. e4 Ngf6 6. g3 g6 7. Bg2 Bg7 8. 0-0 0-0 9. h3 Re8 10. Be3 exd4 11. Nxd4 Nc5 12. Qc2 Qc7 13. Rad1 Be6 14. b3 a5 15. Ndb5 cxb5 16. Nxb5 Qe7 17. Nxd6 Rec8 18. Nxc8 Rxc8 19. Bg5 h6 20. Bf4 Ne8 21. Bd2 b6 22. Bc3 Nf6 23. Rfe1 Qc7 24. Qb2 Ne8 25. Bxg7 Nxg7 26. Qd2 Kh7 27. Qd6 Ne8 28. Qxc7 Rxc7 29. Rd8 Nf6 30. f4 Nb7 31. Ra8 Kg7 32. Ra7 Nd7 33. f5 gxf5 34. exf5 Bxf5 35. Rxb7 Rxb7 36. Bxb7 Bxh3 37. Bc8 1-0

[Event "SRB-chT Cup"]
[Site "Kragujevac"]
[Date "2012.05.18"]
[Round "5"]
[White "Zonjic, Milos"]
[Black "Vujasinovic, Mihajlo"]
[Result "0-1"]
[WhiteElo "2175"]
[BlackElo "2132"]
[PlyCount "120"]
[EventDate "2012.05.14"]
[EventType "team-swiss"]
[EventRounds "7"]
[EventCountry "SRB"]
[SourceTitle "CBM 148 Extra"]
[Source "ChessBase"]
[SourceDate "2012.06.22"]
[SourceVersion "1"]
[SourceVersionDate "2012.06.22"]
[SourceQuality "1"]
[WhiteTeam "Hercegovac Gajdobra"]
[BlackTeam "Banovci Dunav"]
[WhiteTeamCountry "SRB"]
[BlackTeamCountry "SRB"]

1. b3 e5 2. Bb2 Nc6 3. c4 Nf6 4. a3 d6 5. e3 g6 6. d3 Bg7 7. Qc2 0-0 8. Nf3 Bf5 9. Nbd2 Qe7 10. Ne4 Rfd8 11. Be2 h6 12. h3 Nd7 13. b4 Re8 14. Nfd2 Be6 15. g4 Rac8 16. Ng3 Nd8 17. Bf3 c6 18. h4 d5 19. e4 d4 20. 0-0-0 b6 21. Rdg1 a5 22. bxa5 bxa5 23. Kd1 Rb8 24. Ke2 Nf8 25. Rb1 c5 26. Bc1 Rxb1 27. Nxb1 Nh7 28. Qa4 Qd7 29. Qxa5 Bxg4 30. Qxc5 Bxf3+ 31. Kxf3 Nf6 32. Kg2 Nc6 33. Bg5 hxg5 34. hxg5 Bf8 35. Qb5 Rb8 36. Qa4 Ne8 37. Nd2 Nc7 38. Qd1 Ne6 39. Qa4 Nf4+ 40. Kf3 Nxd3 41. c5 Nxc5 42. Qc4 d3 43. Kg2 Ra8 44. Rb1 Rxa3 45. Rb6 Ra4 46. Qc1 Rb4 47. Rxb4 Nxb4 48. Qc4 Ne6 49. Kf1 Nf4 50. Ke1 Qa7 51. Qc1 Bc5 52. Nh1 Nc2+ 53. Kd1 Bxf2 54. Nc4 Bd4 55. Qb1 Ne3+ 56. Nxe3 Bxe3 57. Ng3 Qa4+ 58. Ke1 d2+ 59. Kf1 d1Q+ 60. Qxd1 Qxd1# 0-1